La fragua de Vulcano (Record no. 102935)

MARC details
000 -LEADER
campo de control de longitud fija 02096nka a2200373 i 4500
001 - NÚMERO DE CONTROL
campo de control 102935
003 - IDENTIFICADOR DE NÚMERO DE CONTROL
campo de control ES-MaACL
005 - FECHA Y HORA DE LA ÚLTIMA TRANSACCIÓN
campo de control 20250823063058.0
007 - CAMPO FIJO DE DESCRIPCIÓN FÍSICA--INFORMACIÓN GENERAL
campo de control de longitud fija t|
008 - DATOS DE LONGITUD FIJA--INFORMACIÓN GENERAL
campo de control de longitud fija 051220e1798 sp f | |r||1c|spa d
100 1# - ENTRADA PRINCIPAL--NOMBRE DE PERSONA
Nombre de persona Glarion-Mondel, E. J.,
Fechas asociadas al nombre 1798-
Término indicativo de función/relación Grabador
9 (RLIN) 57391
245 13 - MENCIÓN DEL TÍTULO
Título La fragua de Vulcano
Medio [Material gráfico] /
Mención de responsabilidad, etc. Dn Diego Velázquez de Silva Pinx ; Diego Alcántara Franco del. ; Glairon Mondet sc. 1798
260 ## - PUBLICACIÓN, DISTRIBUCIÓN, ETC.
Lugar de publicación, distribución, etc. [Madrid :
Nombre del editor, distribuidor, etc. se hallará en la Calcografía de la Imprenta Real,
Fecha de publicación, distribución, etc. 1798]
300 ## - DESCRIPCIÓN FÍSICA
Extensión 1 estampa :
Otras características físicas grabado calcográfico ;
Dimensiones 525 x 565 mm
490 1# - MENCIÓN DE SERIE
Mención de serie Colección facticia de grabados ;
Designación de volumen o secuencia 15
RLIN 184692
500 ## - NOTA GENERAL
Nota general Inscripción: "La Fragua de Bulcano, pintado por Dn. Diego Velazquez de Silva, cuyo Original se halla en el Real Palacio de Madrid, tiene de latitud diez pies y medio, y ocho de longitud"
500 ## - NOTA GENERAL
Nota general Estampa que reproduce la pintura de Velázquez que se conservaba en el Palacio Real de Madrid, hoy en el Museo del Prado. Glairon-Mondet grabó la plancha de cobre en 1798, por la que cobró 40.000 reales, a partir del dibujo de Francisco Alcántara
520 ## - RESUMEN, ETC.
Sumario, etc. La escena transcurre en el interior de una fragua, donde los personajes trabajan y miran atentamente la aparición del dios
530 ## - NOTA DISPONIBLE DE FORMULARIO FÍSICO ADICIONAL
Nota de formato físico adicional disponible Disponible en formato digital
600 14 - PUNTO DE ACCESO ADICIONAL DE MATERIA--NOMBRE DE PERSONA
Nombre de persona Velázquez, Diego,
Fechas asociadas al nombre 1599-1660.
Título de la obra La fragua de Vulcano
9 (RLIN) 113798
650 #7 - PUNTO DE ACCESO ADICIONAL DE MATERIA--TÉRMINO DE MATERIA
Término de materia o nombre geográfico como elemento de entrada Vulcano (Divinidad romana)
Fuente del encabezamiento o término embne
9 (RLIN) 241965
655 #4 - TERMINO DE INDIZACIÓN--GENERO/FORMA
Datos o término principal de género/forma Grabados calcográficos
Fuente del término tgfbne
9 (RLIN) 241761
655 #7 - TERMINO DE INDIZACIÓN--GENERO/FORMA
Datos o término principal de género/forma Grabados
Fuente del término tgfbne
9 (RLIN) 226846
655 #4 - TERMINO DE INDIZACIÓN--GENERO/FORMA
Datos o término principal de género/forma Reproducciones de obras de arte
9 (RLIN) 241931
700 1# - ENTRADA AGREGADA--NOMBRE PERSONAL
Nombre de persona Velázquez, Diego,
Fechas asociadas al nombre 1599-1660
Término indicativo de función/relación Artista
9 (RLIN) 113793
700 1# - ENTRADA AGREGADA--NOMBRE PERSONAL
Nombre de persona Alcántara Franco, Diego,
Término indicativo de función/relación Dibujante
9 (RLIN) 19500
Fechas asociadas al nombre s. XVIII-XIX
710 2# - ENTRADA AGREGADA--NOMBRE DE ENTIDAD CORPORATIVA
Nombre de entidad corporativa o nombre de jurisdicción como elemento de entrada Calcografía de la Imprenta Real
Término indicativo de función/relación Editor
9 (RLIN) 241806
830 #0 - PUNTO DE ACCESO ADICIONAL DE SERIE-TÍTULO UNIFORME
Título uniforme Colección facticia de grabados ;
Designación de volumen o secuencia 15
9 (RLIN) 184692
852 4# - LOCALIZACIÓN
Ubicación ES-MaACL
Ubicación en estantería Depósito 2
Número de control de estantería GF-2(15)
856 4# - LOCALIZACIÓN Y ACCESO ELECTRÓNICOS
Identificador Uniforme de Recursos <a href="https://bdh-rd.bne.es/viewer.vm?id=0000151845&page=1">https://bdh-rd.bne.es/viewer.vm?id=0000151845&page=1</a>
Texto de enlace Versión en línea
Nota pública (Biblioteca Digital Hispánica)
942 ## - ELEMENTOS DE ENTRADA SECUNDARIOS (KOHA)
Fuente del sistema de clasificación o colocación Clasificación decimal universal
Tipo de ítem Koha Grabado
Suprimir en OPAC No
Holdings
Estatus retirado Estado de pérdida Fuente del sistema de clasificación o colocación Estado de daño No para préstamo Colección Biblioteca de origen Biblioteca actual Ubicación en estantería Fecha de adquisición Total de préstamos Signatura topográfica completa Código de barras Visto por última vez Tipo de ítem Koha
    Clasificación decimal universal     Colección digital Biblioteca del Ateneo de Madrid Biblioteca del Ateneo de Madrid Depósito 2 17/01/2008   GF-2(15) 1107472 23/02/2023 Grabado